[Event "EICC 2017"]
[Site "Minsk"]
[Date "2017.06.06"]
[Round "7"]
[White "Goryachkina, Aleksandra"]
[Black "Bortnyk, Olexandr"]
[Result "0-1"]
[WhiteElo "2470"]
[BlackElo "2567"]
[Annotator "TA"]
[PlyCount "136"]
[EventDate "2017.??.??"]
[EventCountry "BLR"]
[SourceTitle "playchess.com"]
[Source "ChessBase"]
[SourceQuality "1"]

{[%evp 12,136,54,51,64,53,58,51,55,53,135,24,20,20,23,21,28,36,55,25,22,-58,-59,-50,-45,-57,-51,-44,-46,-46,-22,-70,-75,-72,-33,-47,-52,-63,-61,-81,-52,-63,-15,-22,-4,-8,0,-47,-32,-103,-99,-102,-101,-124,-127,-122,-122,-153,-116,-113,-112,-147,-161,-149,-141,-159,-147,-131,-110,-217,-168,-220,-227,-222,-211,-180,-83,-312,-302,-301,-297,-280,-298,-298,-277,-285,-276,-276,-214,-199,-208,-206,-193,-174,-132,-129,-123,-245,-212,-246,-244,-253,-251,-247,-244,-254,-245,-232,-236,-215,-166,-195,-212,-244,-234,-415,-419,-787,-776,-774,-673,-1662,-1633,-1596,-1503,-12846,-12846]} 1. d4 Nf6 2. c4 b6 3. Nc3 Bb7 4. Qc2 e6 5. e4 Bb4 6. Bd3 c5 7. d5 b5 {E32: Nimzo-Indian: Classical (4 Qc2): 4...0-0} 8. Nge2 (8. Bg5 bxc4 9. Bxc4 h6 10. Bh4 exd5 11. exd5 Qe7+ 12. Kf1 O-O 13. Nge2 Ba6 14. Bxa6 Nxa6 15. Qf5 {½-½ (64) Edouard,R (2635)-Shengelia,D (2573) Baku 2016}) 8... exd5 9. exd5 bxc4 {White is slightly better.} 10. Bxc4 Nxd5 ({Black should try} 10... O-O $14) 11. Qe4+ $146 (11. Bxd5 $6 Bxd5 12. O-O Bb7 $11) ({White should play} 11. Qb3 $1 $16 Nf6 12. a3 (12. Bxf7+ Kf8 $16) 12... Bxc3+ 13. Nxc3 (13. Qxc3 O-O $17) (13. bxc3 Bxg2 14. Rg1 Bc6 $11)) ({Predecessor:} 11. Qb3 Bxc3+ 12. bxc3 Nb6 13. Bxf7+ Kf8 14. O-O Qf6 15. Bh5 {1-0 (25) Winants,L (2435)-Alexandria,N (2375) Spijkenisse 1989}) 11... Qe7 $11 12. O-O Qxe4 13. Nxe4 {aiming for Nd6+.} O-O 14. Nd6 {Threatens to win with a3.} Bc6 15. b3 Nb6 16. Bb2 (16. Bd3 $11) 16... Nxc4 $15 17. bxc4 Na6 18. Ng3 f6 19. Rad1 Nc7 20. Ngf5 Kh8 21. h4 Ba4 22. Rd3 Bc2 23. Rg3 Ne6 $1 24. Rc1 Ba4 $1 25. h5 Bd2 {White must now prevent ...Rab8.} 26. Rf1 Bf4 (26... Rab8 $5 {[%cal Rb8b2]} 27. Bc3 Bf4 $15) 27. Ra3 Bc6 28. Rd1 Rfb8 29. Ba1 (29. Bc3 $5 {[%cal Rh5h6]}) 29... h6 $36 {[%mdl 2048] Black is pushing.} (29... Bxd6 $5 30. Nxd6 h6 $15) 30. g3 (30. Ne7 $15) 30... Bxd6 $1 $17 31. Nxd6 Rb6 32. f3 Rab8 33. Kf2 Rb1 34. Rad3 Ba4 35. Rxb1 Rxb1 36. Bc3 Rh1 37. Kg2 {[#]} Rc1 $1 38. a3 Rc2+ 39. Kf1 Bc6 40. Nf5 (40. f4 $17 {was called for.}) 40... Ng5 41. Nh4 {[#]} (41. Re3 $142) 41... d5 $1 $19 {[%mdl 512]} 42. Bd2 (42. cxd5 Bb5) 42... d4 ({Less strong is} 42... Rxc4 43. Ng6+ Kh7 44. Rb3 $17) (42... dxc4 43. Rd8+ Kh7 44. Bxg5 $11) 43. Rb3 Bxf3 ({Don't take} 43... Rxd2 44. Rb8+ Kh7 45. Ng6 $15) ({And not} 43... Rxc4 44. Bxg5 Bxf3 45. Rxf3 $14) (43... Kg8 $19 {has better winning chances.} 44. Bxg5 hxg5) 44. Rxf3 $2 (44. Nxf3 $17 {is the only way for White.} Nxf3 45. Rxf3 Rxd2 46. Rf5) 44... Nxf3 45. Nxf3 Rxc4 46. Ke2 Rc2 47. Kd3 Ra2 48. Bc1 Rf2 49. Nd2 Rh2 50. Ne4 Rxh5 51. Bf4 Rh1 52. Nxc5 Rd1+ 53. Kc4 h5 54. Nd3 (54. Bb8 $17 {was necessary.}) 54... Ra1 55. Bd6 g5 56. Kxd4 Kg7 57. Ke4 Kf7 58. Bc5 a6 59. Bb4 Kg6 60. Bd6 Rd1 61. Bc5 Rh1 62. Nf2 Rg1 63. Bd6 $2 (63. Kf3) 63... f5+ 64. Kf3 {[#]} (64. Kd5 $142 h4 65. gxh4) 64... f4 $1 {[%mdl 512] Black is clearly winning.} 65. gxf4 g4+ 66. Ke2 {If White can now play Nd1 this consolidates a bit.} h4 67. Bc5 Kf5 68. Nd1 {[#]} Rxd1 $1 {[%mdl 512] Precision: White = 43%, Black = 66%.} 0-1

[Event "EICC 2017"]
[Site "Minsk"]
[Date "2017.06.06"]
[Round "7"]
[White "Galliamova, Alisa"]
[Black "Zhigalko, Andrey"]
[Result "1/2-1/2"]
[WhiteElo "2456"]
[BlackElo "2566"]
[Annotator "ChessBase"]
[PlyCount "130"]
[EventDate "2017.??.??"]
[EventCountry "BLR"]
[SourceTitle "playchess.com"]
[Source "ChessBase"]
[SourceQuality "1"]
[TimeControl "40/5400+30:1800+30"]

1. Nf3 {[%emt 0:00:00]} c5 {[%emt 0:00:49]} 2. g3 {[%emt 0:00:20]} g6 {[%emt 0:00:19]} 3. c3 {[%emt 0:01:05]} Bg7 {[%emt 0:00:59]} 4. d4 {[%emt 0:00:10]} Qa5 {[%emt 0:05:00]} 5. Nbd2 {[%emt 0:21:16]} cxd4 {[%emt 0:05:59]} 6. Nb3 {[%emt 0:00:11]} Qb6 {[%emt 0:02:57]} 7. cxd4 {[%emt 0:00:36]} Nf6 {[%emt 0:01:03]} 8. Bg2 {[%emt 0:00:42]} O-O {[%emt 0:02:49]} 9. O-O {[%emt 0:02:08]} d6 {[%emt 0:01:53]} 10. d5 {[%emt 0:08:02]} Bf5 {[%emt 0:12:09]} 11. Be3 {[%emt 0:07:23]} Qa6 {[%emt 0:02:06]} 12. Nfd2 {[%emt 0:00:58]} Rc8 {[%emt 0:08:52]} 13. Bd4 {[%emt 0:01:58]} Qa4 {[%emt 0:23:45]} 14. Bc3 {[%emt 0:11:20]} Qd7 {[%emt 0:06:40]} 15. Re1 {[%emt 0:02:10]} Na6 {[%emt 0:01:48]} 16. e4 {[%emt 0:02:19]} Bg4 {[%emt 0:00:56]} 17. f3 {[%emt 0:02:11]} Bh3 {[%emt 0:00:04]} 18. Bxh3 {[%emt 0:03:34]} Qxh3 {[%emt 0:00:02]} 19. Qe2 {[%emt 0:00:29]} Rc7 {[%emt 0:05:17]} 20. Rac1 {[%emt 0:07:12]} Rac8 {[%emt 0:01:15]} 21. a3 {[%emt 0:01:08]} h5 {[%emt 0:01:13]} 22. Bd4 {[%emt 0:02:48]} Nd7 {[%emt 0:02:55]} 23. Bxg7 {[%emt 0:05:15]} Kxg7 {[%emt 0:00:02]} 24. Qf1 {[%emt 0:02:51]} Qxf1+ {[%emt 0:01:06]} 25. Kxf1 {[%emt 0:00:05]} Rc2 {[%emt 0:03:11]} 26. Ke2 {[%emt 0:03:39]} Nb6 {[%emt 0:00:30]} 27. Rxc2 {[%emt 0:00:50]} Rxc2 {[%emt 0:00:02]} 28. Rb1 {[%emt 0:00:49]} Na4 {[%emt 0:03:30]} 29. Nd4 {[%emt 0:00:13]} Rxb2 {[%emt 0:01:00]} 30. Rxb2 {[%emt 0:00:12]} Nxb2 {[%emt 0:00:03]} 31. Nb5 {[%emt 0:00:08]} Nc5 {[%emt 0:00:38]} 32. Nxa7 {[%emt 0:00:13]} f5 {[%emt 0:00:35]} 33. Nb5 {[%emt 0:01:53]} Kf6 {[%emt 0:00:37]} 34. Nc3 {[%emt 0:02:16]} Nbd3 {[%emt 0:02:30]} 35. Ke3 {[%emt 0:03:58]} g5 {[%emt 0:01:41]} 36. exf5 {[%emt 0:04:04]} Kxf5 {[%emt 0:00:02]} 37. Nc4 {[%emt 0:01:36]} Ne5 {[%emt 0:01:19]} 38. Nxe5 {[%emt 0:00:43]} Kxe5 {[%emt 0:00:05]} 39. f4+ {[%emt 0:00:37]} gxf4+ {[%emt 0:01:31]} 40. gxf4+ {[%emt 0:00:00]} Kf5 {[%emt 0:00:07]} 41. h3 {[%emt 0:02:22]} Nd7 {[%emt 0:07:23]} 42. Kf3 {[%emt 0:06:26]} Nb6 {[%emt 0:09:04]} 43. a4 {[%emt 0:06:44]} Nc4 {[%emt 0:04:18]} 44. Ne2 {[%emt 0:01:51]} Nb6 {[%emt 0:01:23]} 45. Nc3 {[%emt 0:04:27]} Nd7 {[%emt 0:05:58]} 46. Ne2 {[%emt 0:00:45]} Nf6 {[%emt 0:01:40]} 47. Nc3 {[%emt 0:00:37]} b6 {[%emt 0:01:57]} 48. Ke3 {[%emt 0:01:29]} Nd7 {[%emt 0:00:12]} 49. Kf3 {[%emt 0:01:25]} Nc5 {[%emt 0:00:02]} 50. Ke3 {[%emt 0:00:53]} h4 {[%emt 0:00:44]} 51. Kf3 {[%emt 0:00:57]} Nd3 {[%emt 0:00:45]} 52. Ne2 {[%emt 0:00:26]} Nb2 {[%emt 0:00:48]} 53. Nc3 {[%emt 0:00:47]} Nc4 {[%emt 0:00:29]} 54. Ne2 {[%emt 0:00:33]} Nd2+ {[%emt 0:01:59]} 55. Ke3 {[%emt 0:00:15]} Nb3 {[%emt 0:00:17]} 56. Kf3 {[%emt 0:00:43]} Nc5 {[%emt 0:00:27]} 57. Nc3 {[%emt 0:00:33]} e5 {[%emt 0:01:23]} 58. dxe6 {[%emt 0:00:20]} Kxe6 {[%emt 0:00:10]} 59. Kg4 {[%emt 0:05:29]} d5 {[%emt 0:00:08]} 60. Nb5 {[%emt 0:01:10]} Nxa4 {[%emt 0:01:26]} 61. Kxh4 {[%emt 0:01:19]} Kf5 {[%emt 0:00:23]} 62. Kg3 {[%emt 0:00:24]} Nc5 {[%emt 0:00:35]} 63. Kf3 {[%emt 0:00:36]} Na4 64. Kg3 Ke4 65. Nd6+ Ke3 1/2-1/2

[Event "EICC 2017"]
[Site "Minsk"]
[Date "2017.06.06"]
[Round "7"]
[White "Pacher, Milan"]
[Black "Oparin, Grigoriy"]
[Result "1/2-1/2"]
[WhiteElo "2450"]
[BlackElo "2604"]
[Annotator "TA"]
[PlyCount "114"]
[EventDate "2017.??.??"]
[EventCountry "BLR"]

{[%evp 21,114,-19,-7,-13,-4,-22,0,0,0,0,0,-1,0,0,0,0,0,9,2,0,18,0,20,19,36,19,60,50,62,66,54,52,60,25,43,0,0,0,0,0,31,37,50,0,0,0,0,0,32,33,91,91,94,98,97,97,97,76,95,74,107,99,134,127,141,131,152,158,235,212,225,139,153,108,116,76,112,3,0,0,0,0,0,0,0,0,0,0,0,0,0,0,0,0,0]} 1. d4 Nf6 2. c4 e6 3. Nf3 b6 4. g3 Ba6 5. Qc2 Bb7 6. Bg2 c5 7. d5 {E15: Queen's Indian: 4 g3 sidelines, 4 g3 Ba6 and 4 g3 Bb7 early deviations} exd5 8. cxd5 Nxd5 9. O-O Nc6 10. Rd1 Be7 11. Qf5 (11. Qa4 Nf6 12. Nh4 O-O 13. Nf5 d5 14. Nc3 Nd4 15. Nxd4 cxd4 16. Qxd4 {½-½ (36) Radjabov,T (2726)-Harikrishna,P (2763) Shamkir 2016}) 11... Nf6 {LiveBook: 50 Games} 12. e4 g6 13. Qf4 O-O (13... Nh5 $5 {[%cal Rh5f4]} 14. Qh6 Bf8 $11) 14. Nc3 $146 Nh5 15. Qg4 Re8 16. Qxd7 ({Much worse is} 16. Rxd7 Bc8 $17) 16... Qxd7 17. Rxd7 Na5 18. Bg5 f6 19. Bh6 Bc6 20. Rdd1 $36 {[%mdl 2048] White fights for an advantage.} Rad8 21. Bf1 (21. Nd5 $5 {[%cal Rd5e7]} Bf8 22. Bxf8 Kxf8 23. b4 $14) 21... Ng7 22. Nd5 Bxd5 23. exd5 Nf5 24. Bd2 Nd6 25. Bxa5 bxa5 26. Rac1 Rb8 27. Rxc5 Rxb2 28. Rxa5 Bd8 29. Rxa7 Bb6 30. Ra6 Bxf2+ (30... Ne4 {keeps more tension.} 31. d6 Bxf2+ 32. Kh1 Bc5 33. Rd5 Nf2+) 31. Kh1 Rb6 32. Nd2 Rxa6 33. Bxa6 Ra8 34. Bc4 Be3 {[#] And now ...Bxd2 would win.} 35. Bb3 Bxd2 (35... Rc8 $14) 36. Rxd2 $14 {[%mdl 4096] Endgame KRB-KRN} f5 37. Rc2 Kf7 38. Rc7+ Kf6 39. Rxh7 Nf7 40. Rh4 Re8 41. Rc4 {Hoping for Rc6+.} Re1+ 42. Kg2 {Threatens to win with Rc6+.} Re2+ 43. Kg1 Ne5 44. Rc2 Re3 (44... Nf3+ $16 45. Kf1 Rxc2 46. Bxc2 Nxh2+ 47. Ke2 Ke5) 45. Kf2 $18 Ng4+ 46. Kg2 Ke5 {[#] aiming for ...Rxb3.} 47. Rd2 {d6 is the strong threat.} Kd6 48. Bd1 Ne5 49. a4 ({White should play} 49. Kf2 $16 Rc3 50. Bb3) 49... Ra3 $11 {The position is equal.} 50. Kh3 g5 51. Rf2 f4 52. Kg2 Nc4 {White must now prevent ...Ne3+.} 53. Bh5 Ne3+ 54. Kh3 Rxa4 55. gxf4 gxf4 56. Bf7 Ke5 57. Kh4 Nxd5 {Precision: White = 56%, Black = 63%.} 1/2-1/2

[Event "EICC 2017"]
[Site "Minsk"]
[Date "2017.06.06"]
[Round "7"]
[White "Moroni, Luca Jr"]
[Black "Shomoev, Anton"]
[Result "1-0"]
[WhiteElo "2448"]
[BlackElo "2550"]
[Annotator "TA"]
[PlyCount "63"]
[EventDate "2017.??.??"]
[EventCountry "BLR"]
[SourceTitle "playchess.com"]
[Source "ChessBase"]
[SourceQuality "1"]

{[%evp 17,63,56,76,73,83,70,102,87,97,81,89,89,95,88,77,85,134,144,129,126,238,235,337,320,333,331,316,316,497,512,468,407,518,524,485,424,571,560,767,830,829,804,823,815,793,813,757,762]} 1. c4 g6 2. d4 Bg7 3. Nf3 c5 4. e4 d6 5. d5 e6 6. Nc3 Ne7 7. Bd3 O-O 8. O-O h6 {A43: Schmid Benoni} (8... exd5 9. exd5 Bf5 10. Re1 Bxd3 11. Qxd3 Nd7 12. Bf4 Nf6 13. h3 a6 14. Re2 Qd7 15. Rae1 Rae8 16. b3 {½-½ (29) Mchedlishvili,M (2601)-Malakhov,V (2713) Doha 2016}) 9. h3 Nd7 {LiveBook: 6 Games} 10. dxe6 fxe6 {White is better.} 11. Be2 $146 ({Predecessor:} 11. Nb5 Ne5 12. Nxe5 dxe5 13. Be3 a6 14. Nc3 b6 {0-1 (60) Galojan,L (2377)-Javakhishvili,L (2454) Tbilisi 2011}) 11... Ne5 12. Nxe5 dxe5 13. Be3 b6 14. Qc1 $1 Kh7 15. Rd1 $36 {[%mdl 2048] White is really pushing.} Qc7 16. Nb5 Qb8 {[#]} 17. b4 $1 cxb4 18. c5 {Black must now prevent c6.} a6 (18... Nc6 $16 {was worth a try.} 19. cxb6 Nd4 20. Bxd4 exd4) 19. Nd6 $18 Nc6 (19... Rd8 $142 20. Nxc8 Rxc8) 20. cxb6 Nd4 21. Bxd4 $1 exd4 22. Qc5 Rd8 {[#]} (22... e5 $142 23. Qxb4 Be6) 23. e5 $1 Bb7 24. Bc4 Rd7 {Now ...Bxe5 and Black clings on.} 25. Rxd4 {White is clearly winning.} Qf8 {Black hopes to continue with ...Rc8.} 26. f4 Qe7 27. Rad1 Rad8 28. Nxb7 Qxc5 29. Nxc5 Rxd4 30. Rxd4 Rxd4 31. b7 Rxc4 32. Nb3 {Precision: White = 98%, Black = 29%.} 1-0

[Event "EICC 2017"]
[Site "Minsk"]
[Date "2017.06.06"]
[Round "7"]
[White "Mikaelyan, Arman"]
[Black "Zhigalko, Sergei"]
[Result "1-0"]
[WhiteElo "2444"]
[BlackElo "2643"]
[Annotator "TA"]
[PlyCount "64"]
[EventDate "2017.??.??"]
[EventCountry "BLR"]
[SourceTitle "playchess.com"]
[Source "ChessBase"]
[SourceQuality "1"]

{[%evp 24,64,0,0,0,0,58,62,113,97,106,52,50,51,56,0,26,0,0,0,18,13,16,-151,-151,-151,-151,-151,-151,-151,-151,-151,-151,-148,37,32,37,40,38,50,154,157,414]} 1. d4 Nf6 2. c4 e6 3. Nf3 b6 4. g3 Ba6 5. b3 Bb4+ 6. Bd2 Be7 7. Nc3 O-O 8. Bg2 c6 9. e4 d5 10. exd5 {E15: Queen's Indian: 4 g3 sidelines, 4 g3 Ba6 and 4 g3 Bb7 early deviations} (10. Qe2 b5 11. e5 Ne8 12. cxb5 cxb5 13. Qe3 Nc6 14. Bf1 Rc8 15. Bd3 Nc7 16. Rc1 Ba3 17. Rd1 Be7 {1-0 (68) Topalov,V (2816)-Zhigalko,S (2656) Baku 2015}) 10... cxd5 11. Ne5 Bb7 12. O-O Nc6 13. Bf4 {LiveBook: 10 Games} Rc8 14. Rc1 {[#]} Bb4 $146 (14... Na5 $11) ({Predecessor:} 14... Na5 15. Qe2 dxc4 16. Bxb7 Nxb7 17. bxc4 Nd7 {½-½ (56) Cheparinov,I (2683)-Zhigalko,A (2574) Warsaw 2015}) 15. Nb5 $14 Nxe5 (15... Qe7 $1 $14) 16. dxe5 $16 Ne4 17. Qg4 ({White should play} 17. a3 $16 Be7 18. Qg4 (18. Nxa7 Ra8 $14)) 17... f5 $1 $14 {[%cal Rf5g4]} 18. exf6 Qxf6 19. Bh3 ({Much weaker is} 19. Nxa7 Ra8 $11) (19. Bxe4 $14 dxe4 20. Bd6) 19... Rfe8 20. Nc7 Rxc7 21. Bxc7 {Bg2 is the strong threat.} Bc5 {[%cal Re4f2]} 22. Rc2 d4 {[%cal Bd5d4,Bd4d3][%mdl 32]} 23. Re2 $2 (23. Bg2 $11 d3 24. Bxe4 dxc2 25. Bxc2) 23... Ng5 $17 {[%cal Be4g5,Bg5f3,Bf3d2][%mdl 32]} 24. Bg2 {[#]} Nf3+ $1 25. Kh1 d3 26. Re4 Bxe4 27. Qxe4 Nd2 $1 {[%csl LRe4,LRf1,LRf2]} 28. Qc6 Rf8 $2 ({Better is} 28... Nxf1 $17 29. Qxe8+ Bf8) 29. Rd1 $14 {[#] Strongly threatening Bf4.} Qxf2 {aiming for ...Qe2.} 30. Qxe6+ Kh8 {And now ...Qe2 would win.} 31. Qe1 Be3 (31... Qxe1+ $14 32. Rxe1 Rf2) 32. Bd6 $16 Rf6 $2 {Precision: White = 56%, Black = 44%.} (32... Qxe1+ $16 33. Rxe1 Bf2) 1-0

[Event "EICC 2017"]
[Site "Minsk"]
[Date "2017.06.06"]
[Round "7"]
[White "Pavlov, Sergey"]
[Black "Pavlidis, Antonios"]
[Result "1-0"]
[WhiteElo "2432"]
[BlackElo "2540"]
[Annotator "TA"]
[PlyCount "127"]
[EventDate "2017.??.??"]
[EventCountry "BLR"]
[SourceTitle "playchess.com"]
[Source "ChessBase"]
[SourceQuality "1"]

{[%evp 19,127,22,22,13,5,13,12,12,27,16,27,0,0,-7,0,-11,-13,-24,-12,-12,-22,-59,-43,-51,-39,-31,-37,-25,-35,-34,-26,-27,-27,-64,-61,-79,-68,-85,-14,-73,-72,-131,-123,-204,-270,-256,-251,-175,-221,-267,265,268,260,256,242,256,243,229,327,281,256,203,210,201,203,202,192,187,175,165,215,207,281,272,293,273,397,379,411,408,656,637,1119,682,682,675,656,648,1748,1629,12841,12841,12841,12842,12843,12843,12845,12844,12848,12848,12849,12845,12845,12846,12847,12847,12847,12847,12849,12849]} 1. c4 g6 2. Nf3 Nf6 3. g3 Bg7 4. Bg2 O-O 5. d4 d5 6. cxd5 Nxd5 7. O-O Nc6 8. Nc3 Nxc3 9. bxc3 e5 10. d5 {D74: Fianchetto Grünfeld: Main Line (5 Nf3 0-0 6 cxd5 Nxd5 7 0-0)} Na5 {LiveBook: 6 Games} 11. Nd2 Re8 12. Bb2 $146 {The position is equal.} ({Predecessor:} 12. Rb1 c6 13. dxc6 Nxc6 14. Qa4 Qc7 15. Ne4 Bf5 16. Rxb7 Qxb7 17. Nd6 Qc7 18. Qxc6 Qxc6 19. Bxc6 {1-0 (47) Vachier Lagrave,M (2745)-Salem,A (2564) Caleta 2014}) 12... b6 13. c4 Nb7 14. Rc1 a5 15. Ne4 f5 16. Nc3 e4 17. Qc2 Bd7 18. f3 exf3 19. exf3 Qe7 20. Kh1 Qb4 21. Nd1 Ba4 22. Qf2 Bxd1 23. Bxg7 Kxg7 24. Rfxd1 Qc5 $36 {[%mdl 2048] Black has good play.} 25. Qb2+ Kg8 26. g4 f4 27. g5 Qe3 28. Rd4 Re5 (28... Nd6 $17 29. Qd2 Re5 30. Qxe3 Rxe3) 29. Rf1 (29. Rd3 $1 $11 {remains equal.} Qxd3 30. Qxe5) 29... Rae8 $17 30. Bh3 (30. h4 $142) 30... Nc5 (30... Rxg5 31. Be6+ Rxe6 32. dxe6 $16) 31. d6 (31. Rdd1 $17) 31... Nd3 $19 ({Don't go for} 31... Rxg5 $2 32. dxc7 Na4 33. Qf2 $18) 32. Rxd3 Qxd3 33. d7 R8e7 34. c5 {[#] Hoping for Qb3+.} Re1 $4 {[%mdl 8192]} (34... Rd5 $1 $19 35. cxb6 cxb6) 35. Qb3+ $18 Qxb3 36. d8=Q+ Re8 {[#]} 37. Qxe8+ $1 {[%mdl 512]} Rxe8 38. axb3 {[%mdl 4096] Endgame KRB-KR} Re3 (38... Re5 $142 39. cxb6 cxb6) 39. cxb6 cxb6 40. Kg2 Re5 41. Rc1 Rxg5+ 42. Kf2 Rh5 43. Be6+ Kf8 44. h3 Re5 45. Rc8+ Ke7 46. Bg8 Rb5 47. Rc7+ ({Much less strong is} 47. Bxh7 $6 Rxb3 48. Bxg6 b5 $18) 47... Kd6 (47... Kf8 $142) 48. Rxh7 g5 49. Rh6+ Ke5 (49... Kc7 $142 50. Rh5 Kc6) 50. h4 {White is clearly winning.} a4 51. bxa4 Rb2+ 52. Kf1 gxh4 53. Rxh4 Rb4 54. Rh5+ Kd4 55. Rb5 Rxa4 56. Rxb6 Ra8 57. Be6 Re8 58. Bg4 Ke5 59. Rb4 {[%csl Gf3][%cal Rb4e4]} Rf8 60. Re4+ Kd5 61. Ke2 Rf6 62. Kd3 Rf8 63. Ra4 Ke5 64. Ra5+ {Precision: White = 60%, Black = 53%.} 1-0

[Event "EICC 2017"]
[Site "Minsk"]
[Date "2017.06.06"]
[Round "7"]
[White "Kessler, Luca"]
[Black "Sanal, Vahap"]
[Result "0-1"]
[WhiteElo "2431"]
[BlackElo "2533"]
[Annotator "TA"]
[PlyCount "106"]
[EventDate "2017.??.??"]
[EventCountry "BLR"]
[SourceTitle "playchess.com"]
[Source "ChessBase"]
[SourceQuality "1"]

{[%evp 14,106,18,18,14,18,55,36,54,49,68,40,50,39,43,42,43,38,55,40,34,47,35,26,32,9,23,29,27,37,29,18,158,166,169,-29,-21,-24,-21,-24,-16,-21,-56,-103,-110,-114,-106,-116,-118,-118,-89,-113,-89,-109,-96,-124,-124,-124,-124,-114,-116,-112,0,-108,-103,-138,-139,-182,-169,-156,-145,-147,-139,-197,-198,-204,-201,-341,-317,-522,-526,-510,-466,-981,-926,-29975,-29977,-29977,-29978,-29978,-29977,-29979,-29980,-29979,-29972]} 1. c4 Nf6 2. g3 e5 3. Bg2 h6 4. Nc3 Bb4 5. e4 (5. Qb3 a5 6. a3 Bxc3 7. Qxc3 Qe7 8. Nf3 d6 9. b3 O-O 10. Bb2 c5 11. d3 Nc6 12. e3 {½-½ (68) Hou,Y (2658)-Inarkiev,E (2732) Petropavlovsk Kamchatsky 2016}) 5... Bxc3 6. bxc3 {A20: English Opening: 1...e5} d6 7. Ne2 O-O 8. d3 {LiveBook: 3 Games. The position is equal.} Nc6 9. O-O Nh7 10. Rb1 b6 $146 ({Predecessor:} 10... Rb8 11. Be3 f5 12. exf5 Bxf5 {½-½ (27) Kollars,D (2217)-Welling,G (2351) Lueneburg 2014}) 11. f4 Bb7 {[%cal Bc8b7,Bb7c6,Bc6d7,Bd7e6][%mdl 32]} 12. h3 Re8 13. g4 exf4 14. Bxf4 Ne5 15. Ng3 a6 16. Rf2 Bc6 17. Qc2 Bd7 18. Rbf1 (18. d4 $5 {[%cal Rd4e5]} Nxc4 19. Rbf1 $11) 18... Be6 19. Nh5 g6 20. Ng3 Qh4 21. Qd2 Ng5 22. Qe3 Nxh3+ (22... Rf8 $11 {remains equal.}) 23. Bxh3 $16 Qxh3 24. Nf5 $2 (24. Bxe5 $1 $18 dxe5 25. Rh2 Qxg4 26. Qxh6 Qxg3+ 27. Kh1 Qxh2+ 28. Kxh2) 24... Qxe3 $11 25. Nxh6+ Kg7 26. Bxe3 Rh8 $36 {[%mdl 2048] White is under pressure.} 27. g5 Rhf8 28. d4 Nxc4 29. Bc1 {And now d5 would win.} c6 30. Kg2 d5 31. exd5 cxd5 32. Bf4 b5 33. Kg3 Rfc8 34. Ng4 Bxg4 35. Kxg4 Re8 36. Rh1 Re4 37. Rfh2 {Strongly threatening Rh7+.} Rg8 (37... Rd8 $1 $17 38. Kf3 Kf8) 38. Kg3 {[#]} (38. a4 $11 {keeps the balance.}) 38... Kf8 $1 $17 39. Rf2 Ke7 40. Rhf1 Rc8 41. Rf3 Ke6 42. R1f2 Kd7 43. Be5 (43. Rf1 $17) 43... Nxe5 $19 44. dxe5 {[%mdl 4096] Endgame KRR-KRR} Ke6 ({Resist} 44... Rxe5 45. Rxf7+ Kd6 46. R2f6+ Re6 47. Rf3 $17) 45. Rxf7 (45. Rf6+ {was necessary.} Kxe5 46. R2f3) 45... Rxc3+ 46. R2f3 $2 (46. Kh2 {was called for.}) 46... Rxf3+ 47. Rxf3 Kxe5 {KR-KR} 48. Rf6 (48. Rf7 $142) 48... d4 {[%cal Bd5d4,Bd4d3,Bd3d2][%mdl 32]} 49. Rxg6 d3 {Black mates.} 50. Rg8 d2 51. Re8+ {[#]} Kd4 $1 52. Rd8+ Ke3 53. g6 Re6 {Precision: White = 43%, Black = 65%.} 0-1

[Event "EICC 2017"]
[Site "Minsk"]
[Date "2017.06.06"]
[Round "7"]
[White "Pustovoitova, Daria"]
[Black "Gledura, Benjamin"]
[Result "0-1"]
[WhiteElo "2420"]
[BlackElo "2602"]
[Annotator "TA"]
[PlyCount "62"]
[EventDate "2017.??.??"]
[EventCountry "BLR"]
[SourceTitle "playchess.com"]
[Source "ChessBase"]
[SourceQuality "1"]

{[%evp 22,62,0,0,8,8,32,33,27,20,36,38,31,38,74,10,16,22,17,-65,-8,-108,-113,-119,-104,-116,-118,-118,-110,-164,-164,-158,-51,-42,-47,-55,-52,-1058,-1056,-1116,-1116,-29979,-29979]} 1. d4 Nf6 2. c4 g6 3. Nf3 Bg7 4. Nc3 d5 5. Bf4 O-O 6. e3 c5 7. dxc5 Ne4 {D93: Grünfeld: 4 Nf3 Bg7 5 Bf4 0-0 6 e3} 8. Rc1 Nd7 9. cxd5 Qa5 10. Nd4 Ndxc5 11. Bc4 Nxc3 12. bxc3 {[%cal Bb2c3,Bc3c4][%mdl 32] LiveBook: 20 Games} Bd7 13. O-O Rac8 14. Bb3 {[#]} Rfe8 $146 ({Predecessor:} 14... Nxb3 15. Qxb3 b5 16. e4 {0-1 (34) Steingrimsson,H (2551)-Kritz,L (2609) Plovdiv 2008}) 15. Bg3 b5 16. c4 b4 17. f4 Ne4 18. Be1 (18. f5 $1 $16) 18... Qc5 $11 19. Qd3 f5 20. Nf3 (20. g4 $11) 20... e6 (20... a5 $15) 21. Rb1 (21. dxe6 $11 {keeps the balance.} Bxe6 22. Ng5) 21... a5 $17 22. Nd4 {[#]} e5 $1 {[%cal Re5d4]} 23. fxe5 Bxe5 24. Rc1 Nf6 25. Bg3 (25. Bd2 $17) 25... Bxg3 $19 26. hxg3 Ng4 ({Black should try} 26... a4 $17 27. Bd1 {[#]} Nxd5 $1 {[%mdl 512]} 28. Bxa4 Rxe3) 27. Rfe1 $1 $15 Re4 {Strongly threatening ...Nxe3!} 28. Bd1 Nxe3 $1 29. Rxe3 $4 {[%mdl 8192]} (29. Bf3 $15 Rxd4 30. Qxe3) 29... Rxd4 $19 30. Qe2 Re4 31. Kf2 Rce8 {Precision: White = 36%, Black = 48%.} 0-1